000 00901nam a2200277 i 4500
003 EG-GICUC
005 20260424223645.0
008 260424s1944 nyu||||fr|||| 00| 0 eng d
040 _aEG-GiCUC
_beng
_cEG-GiCUC
_dEG-GiCUC
_eRda
082 0 4 _221
_a343.623
_bLI . R
092 0 4 _221
099 _aLaw1 10 343.623 LI . R 1944
100 1 _aLindner,Robert M.
_eAuthor.
245 1 0 _aRebel Without A Cause... The Hypnoanalysis Of A Criminal Psychopath /
_cRobert M. Lindner.
264 1 _aNew York :
_bGrune & Stratton,
_c1944.
300 _a296 page ;
_c 24 cm.
336 _2rda contenu
_a texte
337 _2rda medias
_aOrdinateur
338 _2 transporteur rda
_a Ressource en ligne
546 _aText in English
650 1 _aCriminal law
650 1 _aPsychological Approach
856 4 0 _uhttps://fll.law.cu.edu.eg/fulltext/bks/B10-11217.pdf
905 _a59
942 _2ddc
_n0
_cBK
_e21
999 _c73295
_d73295